Guess the Taylor Swift Song with no hints - #6 - Statistics

General Stats
  • This quiz has been taken 88 times
  • The average score is 189 of 301
Answer Stats
answers % Correct
I
100%
a
99%
you,
99%
you
99%
And
94%
and
94%
the
94%
The
94%
me
93%
your
93%
we
92%
We
92%
my,
90%
to
88%
be
86%
It
86%
it
86%
in
85%
on
85%
were
85%
we're
85%
said,
83%
he
82%
He
82%
of
82%
what
82%
when
81%
too
79%
was
79%
Like
78%
Like,
78%
that
75%
at
72%
how
71%
Have
69%
if
68%
night,
68%
night
68%
"Oh,
68%
Oh,
68%
"Don't
65%
Don't
65%
never
65%
Can't
64%
can't
64%
would
63%
best
60%
see
60%
could
58%
with
58%
dancing,
54%
dancing
54%
get
54%
made
54%
You'll
54%
one
53%
up,
53%
forget
51%
starlight
51%
starlight,
51%
starlight?
51%
“Look
46%
place
46%
things
44%
things?
44%
he's
43%
marvelous
43%
out
42%
met
40%
moved
40%
tune"
40%
tune
40%
whole
40%
dream
39%
about
38%
dressed
38%
life
32%
nines
32%
kids
31%
remember
31%
walked
31%
way"
31%
change
29%
'em
29%
impossible
29%
ten
29%
song
28%
teach
28%
into
26%
summer
26%
thinking
26%
keep
25%
17
24%
married
24%
much
24%
talking
24%
'45
22%
Ooh
22%
ooh,
22%
party
22%
running
22%
Bobby
21%
crazy,
21%
crazy
21%
late
21%
playing
21%
prince
21%
saying
21%
wild,
21%
wild
21%
boardwalk,
19%
singing
19%
spend
19%
worrying
19%
blues
18%
duchess
18%
ocean,
18%
Picked
18%
Pretending
18%
snuck
18%
trying
18%
yacht
18%
club
17%
window
17%
rocks
14%
skip
14%
No matching quizzes found
Score Distribution
Percent of People with Each Score
Percentile by Number Answered
Your Score History
You have not taken this quiz